| 000 | 01196pab a2200169 454500 | ||
|---|---|---|---|
| 008 | 180718b2017 xxu||||| |||| 00| 0 eng d | ||
| 100 | _aWong, Jennifer Shin-Chon | ||
| 245 | _aThe role of the government in poverty alleviation in Hong Kong: Part I dynamics of policy attention, choice and change | ||
| 260 | _c2017 | ||
| 300 | _ap.238-257. | ||
| 362 | _aDec | ||
| 520 | _aThis discussion, as Part I of a two-part discussion, addresses Hong Kong?s poverty alleviation experience from perspectives on how problems and issues get onto policy agendas and result in various decisions and degrees of change within and beyond specific areas of policy. The alleviation initiatives taken by the government over time highlight the extent to which the processes and results have been, and remain, fluid and multi-dimensional. Significant developments are identified and assessed, as complemented by the discussion in Part II (in March 2018) of specific alleviation programmes as distinctive instruments of government policy. - Reproduced. | ||
| 650 | _aPoverty alleviation - Hong Kong | ||
| 650 | _aPoverty alleviation | ||
| 773 | _aAsia Pacific Journal of Public Administration | ||
| 909 | _a116877 | ||
| 999 |
_c116871 _d116871 |
||